Statistics for Koopalings and Their Musician Namesakes

Click here to take the quiz!

General Stats

  • This quiz has been taken 10 times
  • The average score is 3 of 6

Answer Stats

KoopalingMusician% Correct
Ludwig von KoopaLudwig van Beethoven
100%
Iggy KoopaIggy Pop
70%
Lemmy KoopaLemmy Kilmister
50%
Morton Koopa Jr.Morton Downey Jr.
30%
Wendy O. KoopaWendy O. Williams
30%
Roy KoopaRoy Orbison
30%

Score Distribution

Percentile by Number Answered

Percent of People with Each Score

Your Score History

You have not taken this quiz